000 01206cam a22003254a 4500
001 1808
003 FISKH
005 20231003084353.0
008 050131s2005 nyua j b 001 0 eng
010 _a 2005002836
020 _a0516249495
040 _aDLC
_cDLC
_dDLC
_beng
042 _apcc
050 0 0 _aQB721.5
_b.C57 2005
082 0 0 _a523.6
_222
100 1 _aChrismer, Melanie.
245 1 0 _a Comets /
_cby Melanie Chrismer.
260 _aNew York :
_bScholastic,
_c2005.
300 _a24 pages :
_bcolor illustrations ;
_c21 cm.
440 0 _aScholastic news nonfiction readers
505 0 _aK
520 _aBlast off into space with these introductory titles on the planets, Sun, Moon, and comets. Young, inquisitive readers will learn facts about each planet and their part in the solar system.
521 8 _a520
_bLexile
521 8 _aK
_bRaz-Plus
650 0 _aComets
_vJuvenile literature.
856 4 1 _3Table of contents
_uhttp://www.loc.gov/catdir/toc/ecip057/2005002836.html
906 _a7
_bcbc
_corignew
_d1
_eecip
_f20
_gy-gencatlg
942 _2ddc
_cBK
_n0
999 _c1808
_d1808